000 00461nam a2200181Ia 4500
003 GCL
008 140319s9999 xx 000 0 eng d
040 _aGCL /
_cGCL
082 0 4 _a618.92
_bH E
100 1 _aHULL, DAVID.
245 1 0 _aESSENTIAL PAEDIATRICS /
_cHULL, DAVID.
700 1 _aJOHNSTON, DEREK I.
260 _a[S.N] :
_bCHURCHILL LIVINGSTONE ،
_c1993
300 _a365\P
650 0 4 _aPEDIATRICS
650 0 4 _aCHILD - HEALTH
942 _2ddc
_cBK
999 _c20028
_d20028